01794nam a2200349 c 4500001001000000003000900010005001700019007000300036008004100039040003000080082002200110100005200132245008200184264007900266300002800345336002700373337003300400338002800433500004200461504002600503590002600529650005200555650006400607910000700671942001400678952013400692952016200826952013900988952013901127952016101266999001701427000032545DO-SdBNP20240725100452.0ta110719s198? dr ac 000 0 spa d aDO-SdBNPbspacBNPHUerda a307.72bA162r2221 aAbreu Cáceres, Isidro M.d1963-eautor95847410aReseña histórica de un pueblo :bGuanábano /cIsidro M. Abreu Cáceres aMoca, República Dominicana :bImprensora Offeset,cfecha no identificada a60 páginas. ;c22 cm. 2rdacontentatextobtxt 2rdamediaasin mediaciónbn 2rdacarrieravolumenbnc aUncluye datos biográficos del autor aBibliografía : p.60 aInventariado, 2024/DG 4aCiudades y puebloszRepública Dominicana9784 4aGuanábano (República Dominicana)xHistoria local986163 aDG 2ddccLBS1 00102ddc51708PDaBNPHUbBNPHUcCTd2011-07-19l0oBNPHU PD 307.72 A162rp32545-10r2020-06-25w2020-06-25yLBS1ZNo se presta 00102ddc51708PDaBNPHUbBNPHUcCTd2011-07-19l0oBNPHU PD 307.72 A162rp32545-20r2020-06-25te.2w2020-06-25yLBS1zEmilio Cordero MichelZNo se presta 00102ddc56708DSaBNPHUbBNPHUcCTd2011-07-19l0oBNPHU DS 307.72 A162rp32546-30r2020-06-25te.3w2020-06-25yLBS1ZNo se presta 00102ddc56708PDaBNPHUbBNPHUcCTd2011-07-19l0oBNPHU DS 307.72 A162rp32547-40r2020-06-25te.4w2020-06-25yLBS1ZNo se presta 00102ddc56708DSaBNPHUbBNPHUcCTd2024-07-25edonaciónl0oBNPHU DS 307.72 A162rp2024-4601r2024-07-25te.5w2024-07-25yLBS1zEmilio Cordero Michel c32036d32036